00422nam a2200121Ia 4500008004100000024004400041082001900085100006900104245003500173260002500208600003400233650003300267250506s9999 xx 000 0 und d a08B-030-TE, 08B-002-TE & 08B-006-TE a006.454072 AFR aRahim Khan Afridi, Muhammad Zohaib Tariq Qureshi & Maaz Ali Khan 0aVoice Recognition Using MATLAB aKarachi:bUIT,c2008 aTelecommunication Engineering aBachelor of Engineering (BE)